Conditions of contract relating to building works; revised as to the strictly legal matter, by B.J. Leverson (Record no. 85860)
[ view plain ]
| 000 -LEADER | |
|---|---|
| fixed length control field | 00504cam a2200181 4500 |
| 001 - CONTROL NUMBER | |
| control field | D6802 |
| 008 - FIXED-LENGTH DATA ELEMENTS--GENERAL INFORMATION | |
| fixed length control field | 090401t1902 xxu||||| |||| 00| 0 eng d |
| 035 ## - SYSTEM CONTROL NUMBER | |
| System control number | (Sirsi) u3211 |
| 041 ## - LANGUAGE CODE | |
| Language code of text/sound track or separate title | eng |
| 050 ## - LIBRARY OF CONGRESS CALL NUMBER | |
| Classification number | 692.8 |
| 100 ## - MAIN ENTRY--PERSONAL NAME | |
| Personal name | Macey, Frank W |
| 245 ## - TITLE STATEMENT | |
| Title | Conditions of contract relating to building works; revised as to the strictly legal matter, by B.J. Leverson |
| 260 ## - PUBLICATION, DISTRIBUTION, ETC. | |
| Place of publication, distribution, etc. | London |
| Name of publisher, distributor, etc. | Sweet & Maxwell/Batsford |
| Date of publication, distribution, etc. | 1902 |
| 300 ## - PHYSICAL DESCRIPTION | |
| Extent | xix. 278p. 26cm |
| 350 ## - PRICE (NR) (BK AM CF MU VM SE) [OBSOLETE] | |
| Price | 0 |
| 942 ## - ADDED ENTRY ELEMENTS (KOHA) | |
| Suppress in OPAC | 0 |
| 948 ## - LOCAL PROCESSING INFORMATION (OCLC); SERIES PART DESIGNATOR (RLIN) | |
| c (OCLC) | 04/03/1997 |
| Withdrawn status | Lost status | Source of classification or shelving scheme | Damaged status | Not for loan | Home library | Current library | Shelving location | Date acquired | Total Checkouts | Full call number | Barcode | Date last seen | Copy number | Price effective from | Koha item type |
|---|---|---|---|---|---|---|---|---|---|---|---|---|---|---|---|
| Dewey Decimal Classification | London | London | Basement | 19/08/1991 | SHELF 118 | 30010176 | 06/08/2019 | 1 | 06/08/2019 | Reference material |